000 00567cam a2200205ua 4500
001 3458
008 111118n ii |||gr||||Z||||||asm
040 _cMAIN
082 _a320.54
100 _aBurney, Sayed Muzaffar Hussain,
245 1 1 _aIqbal aru jatiya sanghati
_cby Sayed Muzaffar Hussain Burney
250 _a1st.
260 _aGuwahati:
_bPublication board assam,989.
300 _a45p:
_c23cm.
653 _aPolitical csience
653 _aIqbal aru jatiya sanghati
653 _aNationalism
700 _aMalik, Sayed Abdul,
_eTranslated.,
942 _cBK
999 _c3301
_d3301